00825cam a22002177a 4500003000500000005001700005008004100022010001000063011001000073035001000083040000900093100003500102245020300137260004100340300001000381502008100391650002700472650004100499650003600540650003100576CHAP20220329142042.0990429d1998 mx r 00110 spa d a77656 a78628 a88643 cCHAP00aGamboa Gamboa, Alvaro Artemio.10aAnálisis de la iniciativa de un proyecto de inversión de una planta de alimentos balanceados para ganado bovino lechero en la región de Delicias, Chihuahuac/por Alvarado Artemio Gamboa Gamboa aChapingo, Méx. :bEl autor,c1998. a21 h. aTesis (Ing. Agr. Esp. en Zonas Aridas) -- UACH. Departamento de Zonas Aridas14aAlimentos balanceados.14aAlimentos y alimentacion del ganado.14aGanado lecheroxAlimentación.14aGanado lecherozChihuahua.